Políticas públicas: uma revisao da literatuta /
El artículo presenta una revisión de los principales conceptos y modelos de formulación y análisis de políticas públicas, buscando sintetizar un estado del arte del área, o sea, mapear tanto la literatura clásica a lo más reciente sobre el tema
Na minha lista:
| Autor principal: | |
|---|---|
| Formato: | Texto |
| Assuntos: | |
| Tags: |
Adicionar Tag
Sem tags, seja o primeiro a adicionar uma tag!
|
MARC
| LEADER | 00000 a a2200000 04500 | ||
|---|---|---|---|
| 001 | 18345 | ||
| 003 | |||
| 040 | |||
| 100 | |a Souza, Celine | ||
| 245 | |a Políticas públicas: |b uma revisao da literatuta / |c Celine Souza | ||
| 520 | |a El artículo presenta una revisión de los principales conceptos y modelos de formulación y análisis de políticas públicas, buscando sintetizar un estado del arte del área, o sea, mapear tanto la literatura clásica a lo más reciente sobre el tema | ||
| 650 | |a POLITICAS GUBERNAMENTALES | ||
| 650 | |a INVESTIGACION | ||
| 650 | |a POLITICA SOCIAL | ||
| 773 | |g volumen 8, número 16; páginas 20-45 | ||
| 999 | |c 20796 |d 20796 | ||
